000
00291nam a2200121Ia 4500
008
190216s9999||||xx |||||||||||||| ||und||
100
_a
Douglass Mcgregor
245
0
_a
Professional Manager
260
_b
New Central Book Agencies
_c
1967
300
_a
202p
650
_a
Commerce
942
_c
BK
999
_c
4691
_d
4691